LEADER 00965nam a2200217 i 4500 001 000000162137 003 CaOOAMICUS 005 20230414104008.0 008 070607s1910 it u000 u ita u 040 $aSeMil$bita 100 1 $aThovez, Enrico.$0(OLS)http://semarc/name/36877 245 13$aIl pastore, il gregge e la zampogna :$bdall'inno a Satana alla Laus Vitae /$cEnrico Thovez. 264 1$aNapoli :$bRiccardo Ricciardi,$c1910. 300 $a405 p. ;$c20 cm. 600 14$aD'Annunzio, Gabriele <1863-1938>.$0(OLS)http://semarc/subject/2333 600 14$aCarducci, Giosuč <1835-1907>.$0(OLS)http://semarc/subject/4815 850 $aSeMil 852 $aSeMil$W1$xVenegono$y1$m1O I 365$j239474$B113514$CSeMilBibl$Z2$F124098 $81 996 $6245$aIl pastore, il gregge e la zampogna :$bdall'inno a Satana alla Laus Vitae$9(OLS)http://semarc/title/145672 996 $6264$aNapoli :$bRiccardo Ricciardi$9(OLS)http://semarc/publisher/34163 LEADER 00987nam a2200229 i 4500 001 000000045909 003 CaOOAMICUS 005 20090721000000.0 008 090721s1910 it u000 u ita u 013 $a17079 040 $aSeMil$bita 100 1 $aPalmieri, Aurelio .$0(OLS)http://semarc/name/90190 245 13$aIl progresso dommatico nel concetto cattolico /$cAurelio Palmieri. 260 $aFirenze :$bLibreria Editrice Fiorentina,$c1910. 300 $aXX, 303 p., VI, ;$c22 cm. 490 0 $aBiblioteca di apologia cristiana ;$v1 650 4$aTeologia dogmatica.$0(OLS)http://semarc/subject/68 830 0$aBiblioteca di apologia cristiana ;$v1.$0(OLS)http://semarc/title/7510 850 $aSeMil 852 $aSeMil$W1$xVenegono$y1$m2A III 60$j12064$B12064$CSeMilBibl$Z2$F12064 $81 996 $6245$aIl progresso dommatico nel concetto cattolico$9(OLS)http://semarc/title/68462 996 $6260$aFirenze :$bLibreria Editrice Fiorentina$9(OLS)http://semarc/publisher/30629